Java : the complete reference :

Main Author: Schildt, Herbet
Other Authors: Coward, Danny Dr.
Published: New York: McGraw Hill, c2024.
Edition:13th ed..
Subjects:
LEADER 00667cam a2200193 7i4500
001 0000017225
005 20260513090000.0
020 |a 9781265058432  
090 0 0 |a 005.276/SCH  
100 1 |a Schildt, Herbet  
245 0 0 |a Java :   |b the complete reference :   |b the complete reference :   |b comprehensive coverage of the Java language   |c by Herbert Schildt & Dr. Danny Coward. 
250 |a 13th ed.. 
260 |a New York:   |b McGraw Hill,   |c c2024. 
300 |a xxxiv, 1246 pages:   |b ill.;   |c 23cm. 
500 |a Includes index 
650 0 |a Java (Computer program language)  
700 1 |a Coward, Danny Dr.  
999 |a 1000027412  |b Book  |c Red Spot 
999 |a 1000027413  |b Book  |c Green Spot